[Event "Klaipeda Sea rapid op 16th"]
[Site "Klaipeda"]
[Date "2019.07.27"]
[Round "2"]
[White "Zozulia, Alexander"]
[Black "Ogiala, Andrius"]
[Result "1/2-1/2"]
[WhiteElo "2051"]
[BlackElo "1891"]
[PlyCount "193"]
[EventDate "2019.07.27"]
[EventType "swiss (rapid)"]
[EventRounds "7"]
[EventCountry "LTU"]
[SourceTitle "CBM 191 Extra"]
[Source "ChessBase"]
[SourceDate "2019.09.30"]
[SourceVersion "1"]
[SourceVersionDate "2019.09.30"]
[SourceQuality "1"]

1. e4 c5 2. Nc3 Nc6 3. g3 g6 4. d3 Bg7 5. Be3 d6 6. Qd2 e5 7. Bg2 Be6 8. h3 Qd7 9. f4 Nge7 10. g4 exf4 11. Bxf4 Be5 12. Nf3 Bxf4 13. Qxf4 h6 14. 0-0-0 Nd4 15. e5 Nxf3 16. Bxf3 0-0-0 17. exd6 Qxd6 18. Qxd6 Rxd6 19. Ne4 Ra6 20. Nxc5 Rxa2 21. Bxb7+ Kc7 22. Nxe6+ Kxb7 23. Nc5+ Kc6 24. Nb3 Nd5 25. Kb1 Ra4 26. Rde1 Rf8 27. Rhf1 g5 28. c3 Nf4 29. Nd4+ Kb7 30. Re7+ Kb6 31. h4 Nxd3 32. Rf6+ Kc5 33. Ne6+ Kd6 34. Nxf8+ Kxe7 35. Rf3 Kxf8 36. Rxd3 gxh4 37. b4 Ra6 38. Rh3 Rc6 39. Kc2 Kg7 40. Rxh4 Kg6 41. Rh5 Rc4 42. Ra5 Rxg4 43. Rxa7 h5 44. b5 Rc4 45. b6 Rc8 46. b7 Rb8 47. c4 Kf6 48. c5 Ke7 49. Kd3 Kd7 50. Ke4 Kc6 51. Ra6+ Kxc5 52. Ra5+ Kc6 53. Rxh5 Rxb7 54. Rh6+ Kd7 55. Kf5 Ke7 56. Ra6 Rb5+ 57. Kf4 f6 58. Ra7+ Ke6 59. Ra6+ Kf7 60. Ra7+ Kg6 61. Ra6 Rb4+ 62. Kg3 Kg5 63. Ra5+ f5 64. Kf3 Rb3+ 65. Kg2 Kg4 66. Kf2 Rb2+ 67. Kf1 f4 68. Ra3 Rb5 69. Kf2 Rh5 70. Kg2 Rb5 71. Kf2 Rb2+ 72. Kf1 Rb4 73. Kf2 f3 74. Ra8 Rb2+ 75. Kf1 Rb5 76. Rg8+ Kf4 77. Rf8+ Rf5 78. Ra8 Re5 79. Rf8+ Ke3 80. Ra8 Rd5 81. Re8+ Kf4 82. Rf8+ Rf5 83. Ra8 Re5 84. Rf8+ Kg4 85. Rg8+ Rg5 86. Ra8 Kg3 87. Rb8 Rg4 88. Ra8 Kf4 89. Rf8+ Ke3 90. Re8+ Re4 91. Ra8 Rd4 92. Re8+ Kd3 93. Kf2 Rf4 94. Rd8+ Ke4 95. Re8+ Kd3 96. Rd8+ Rd4 97. Rxd4+ 1/2-1/2

[Event "Klaipeda-ch"]
[Site "Klaipeda"]
[Date "2018.03.11"]
[Round "11"]
[White "Ogiala, Andrius"]
[Black "Jablokov, Dmitrij"]
[Result "1/2-1/2"]
[WhiteElo "1910"]
[BlackElo "2042"]
[PlyCount "40"]
[EventDate "2018.01.14"]
[EventType "tourn"]
[EventRounds "11"]
[EventCountry "LTU"]
[SourceTitle "EXT 2019"]
[Source "ChessBase"]
[SourceDate "2018.10.10"]
[SourceVersion "1"]
[SourceVersionDate "2018.10.10"]
[SourceQuality "1"]

1. c4 c6 2. e4 d5 3. exd5 cxd5 4. d4 Nf6 5. Nc3 e6 6. Nf3 Nc6 7. Bg5 Be7 8. Bd3 0-0 9. 0-0 Nb4 10. Be2 dxc4 11. Bxc4 Nbd5 12. Qb3 Nb6 13. Bd3 Bd7 14. Ne5 Rc8 15. Rac1 Nfd5 16. Nxd5 exd5 17. Rxc8 Bxc8 18. Bxe7 Qxe7 19. a4 Be6 20. a5 Nc8 1/2-1/2

[Event "Klaipeda-ch"]
[Site "Klaipeda"]
[Date "2018.03.10"]
[Round "10"]
[White "Sibajeva, Marija"]
[Black "Ogiala, Andrius"]
[Result "1-0"]
[WhiteElo "1931"]
[BlackElo "1910"]
[PlyCount "53"]
[EventDate "2018.01.14"]
[EventType "tourn"]
[EventRounds "11"]
[EventCountry "LTU"]
[SourceTitle "EXT 2019"]
[Source "ChessBase"]
[SourceDate "2018.10.10"]
[SourceVersion "1"]
[SourceVersionDate "2018.10.10"]
[SourceQuality "1"]

1. e4 e5 2. Nf3 d6 3. d4 exd4 4. Nxd4 Nf6 5. Nc3 Nc6 6. Be2 Be7 7. 0-0 Nxd4 8. Qxd4 0-0 9. f4 c6 10. Kh1 Qb6 11. Be3 Qxd4 12. Bxd4 b6 13. Bf3 Bb7 14. Rad1 Rad8 15. Rfe1 Rfe8 16. Re2 Bf8 17. Bxf6 gxf6 18. Red2 Kg7 19. Ne2 a6 20. Ng3 Bc8 21. Nh5+ Kg6 22. f5+ Kg5 23. h4+ Kxh4 24. Nxf6 Re5 25. Nxh7 d5 26. Kh2 Bxf5 27. g3# 1-0

[Event "Klaipeda-ch"]
[Site "Klaipeda"]
[Date "2018.02.25"]
[Round "9"]
[White "Ogiala, Andrius"]
[Black "Luksas, Jonas"]
[Result "1-0"]
[WhiteElo "1910"]
[BlackElo "1643"]
[PlyCount "81"]
[EventDate "2018.01.14"]
[EventType "tourn"]
[EventRounds "11"]
[EventCountry "LTU"]
[SourceTitle "EXT 2019"]
[Source "ChessBase"]
[SourceDate "2018.10.10"]
[SourceVersion "1"]
[SourceVersionDate "2018.10.10"]
[SourceQuality "1"]

1. c4 Nf6 2. Nc3 e6 3. e4 d6 4. g3 c5 5. Bg2 Nc6 6. Nge2 Be7 7. 0-0 Nd4 8. f4 0-0 9. d3 a6 10. Nxd4 cxd4 11. Ne2 e5 12. h3 g6 13. g4 Rb8 14. f5 Kg7 15. g5 Ng8 16. f6+ Nxf6 17. gxf6+ Bxf6 18. Bd2 Bg5 19. Bxg5 Qxg5 20. Rf3 f5 21. exf5 Bxf5 22. Qc1 Qe7 23. Qd2 b6 24. Raf1 Bd7 25. Ng3 Rxf3 26. Rxf3 a5 27. Ne4 h6 28. Nf6 Be6 29. Rf1 Bf5 30. Ne4 Qd7 31. Kh2 d5 32. cxd5 Qxd5 33. Ng3 Qd7 34. Nxf5+ gxf5 35. Qf2 f4 36. Be4 Rg8 37. Rg1+ Kf8 38. Rxg8+ Kxg8 39. Qg2+ Kf8 40. Qg6 Qc7 41. Qxh6+ 1-0

[Event "Klaipeda-ch"]
[Site "Klaipeda"]
[Date "2018.02.04"]
[Round "5"]
[White "Ogiala, Andrius"]
[Black "Vaitonis, Vytautas"]
[Result "1-0"]
[WhiteElo "1910"]
[BlackElo "1907"]
[PlyCount "51"]
[EventDate "2018.01.14"]
[EventType "tourn"]
[EventRounds "11"]
[EventCountry "LTU"]
[SourceTitle "EXT 2019"]
[Source "ChessBase"]
[SourceDate "2018.10.10"]
[SourceVersion "1"]
[SourceVersionDate "2018.10.10"]
[SourceQuality "1"]

1. e4 c5 2. c4 Nc6 3. Nc3 e5 4. d3 d6 5. g3 Be6 6. Bg2 Qd7 7. Be3 Be7 8. Nd5 Bd8 9. h3 Ba5+ 10. Bd2 Bxd2+ 11. Qxd2 Nge7 12. Ne2 Nd4 13. Nxd4 cxd4 14. f4 Bxd5 15. cxd5 f5 16. 0-0 0-0 17. Kh2 Rac8 18. fxe5 dxe5 19. Qb4 Rf6 20. Rac1 Rxc1 21. Rxc1 g6 22. Qc4 Kg7 23. Qc7 Rd6 24. Qb8 Rb6 25. Qxe5+ Kh6 26. Rc7 1-0

[Event "Klaipeda-ch"]
[Site "Klaipeda"]
[Date "2018.02.03"]
[Round "4"]
[White "Drozdov, Sergej"]
[Black "Ogiala, Andrius"]
[Result "1-0"]
[WhiteElo "2186"]
[BlackElo "1910"]
[PlyCount "63"]
[EventDate "2018.01.14"]
[EventType "tourn"]
[EventRounds "11"]
[EventCountry "LTU"]
[SourceTitle "EXT 2019"]
[Source "ChessBase"]
[SourceDate "2018.10.10"]
[SourceVersion "1"]
[SourceVersionDate "2018.10.10"]
[SourceQuality "1"]

1. d4 Nf6 2. c4 b6 3. Nf3 Bb7 4. g3 g6 5. Bg2 Bg7 6. Nc3 d6 7. 0-0 0-0 8. d5 Re8 9. Nd4 Qd7 10. f4 c5 11. Ndb5 a6 12. Na3 e6 13. dxe6 Rxe6 14. Nd5 Nxd5 15. cxd5 Re8 16. Nc4 Qc7 17. f5 b5 18. f6 bxc4 19. fxg7 Kxg7 20. Qc2 Qe7 21. Qc3+ Qe5 22. Bf4 Qxc3 23. bxc3 Nd7 24. Rfb1 Bc8 25. Bxd6 Rxe2 26. Re1 Rxe1+ 27. Rxe1 Nb6 28. Bxc5 Na4 29. Bd4+ Kf8 30. d6 Rb8 31. Bc6 Nb6 32. Re8# 1-0

[Event "LTU-chT"]
[Site "Lithuania"]
[Date "2016.04.03"]
[Round "7.10"]
[White "Borisovaite, Ana"]
[Black "Ogiala, Andrius"]
[Result "1/2-1/2"]
[WhiteElo "1330"]
[BlackElo "1842"]
[PlyCount "106"]
[EventDate "2016.01.23"]
[EventType "team-swiss"]
[EventRounds "7"]
[EventCountry "LTU"]
[SourceTitle "EXT 2017"]
[Source "ChessBase"]
[SourceDate "2016.10.25"]
[SourceVersion "1"]
[SourceVersionDate "2016.10.25"]
[SourceQuality "1"]
[WhiteTeam "Klaipeda Bokstas"]
[BlackTeam "Klaipeda Bokstas"]
[WhiteTeamCountry "LTU"]
[BlackTeamCountry "LTU"]

1. d4 f5 2. c4 Nf6 3. Nc3 e6 4. Nf3 d5 5. e3 c6 6. Be2 Bd6 7. 0-0 Nbd7 8. Ng5 Qe7 9. f4 0-0 10. Bd2 Ne4 11. Nf3 Nxd2 12. Qxd2 Nf6 13. Qc2 Bd7 14. Ne5 Bxe5 15. fxe5 Ne4 16. Bd3 Qg5 17. Rf4 Rac8 18. c5 Nxc3 19. Qxc3 Qd8 20. Raf1 g6 21. Qe1 b6 22. b4 bxc5 23. bxc5 Rb8 24. Qd2 Qc7 25. R4f3 Rb7 26. Rb1 Rfb8 27. Rff1 Bc8 28. Rxb7 Rxb7 29. h3 Rb8 30. Kh2 Qd8 31. Rf3 Bd7 32. Rf2 Qe7 33. Qe1 Be8 34. Rf3 Kg7 35. Qf1 Rb2 36. Rf2 Qb7 37. Rxb2 Qxb2 38. Qe2 Qxe2 39. Bxe2 g5 40. g3 h6 41. a3 h5 42. h4 g4 43. Kg2 Kf7 44. Ba6 Ke7 45. Kf2 Kd8 46. a4 Bd7 47. a5 Bc8 48. Bxc8 Kxc8 49. a6 Kd7 50. Ke2 Ke7 51. Kf2 Kf7 52. Ke2 Kg6 53. Kf2 Kg7 1/2-1/2

[Event "Klaipeda-ch sf"]
[Site "Klaipeda"]
[Date "2015.10.18"]
[Round "7"]
[White "Pakalniskis, Romas"]
[Black "Ogiala, Andrius"]
[Result "1/2-1/2"]
[WhiteElo "1815"]
[BlackElo "1842"]
[PlyCount "74"]
[EventDate "2015.09.13"]
[EventType "swiss"]
[EventRounds "8"]
[EventCountry "LTU"]
[SourceTitle "EXT 2017"]
[Source "ChessBase"]
[SourceDate "2016.10.25"]
[SourceVersion "1"]
[SourceVersionDate "2016.10.25"]
[SourceQuality "1"]

1. c4 c5 2. Nc3 Nc6 3. Nf3 e5 4. e4 d6 5. d3 g6 6. Be2 Bg7 7. 0-0 Nge7 8. Nd5 0-0 9. Bd2 f5 10. a3 a5 11. Rb1 f4 12. b4 axb4 13. axb4 b6 14. Nxe7+ Qxe7 15. b5 Nd4 16. Nxd4 exd4 17. Ra1 Rxa1 18. Qxa1 Bb7 19. Qb2 Be5 20. f3 Ra8 21. Ra1 Qd8 22. Ra3 Kg7 23. Qa2 h6 24. Rxa8 Qxa8 25. Qxa8 Bxa8 26. Kf2 Bb7 27. g3 g5 28. Bf1 Bc8 29. Kg2 Kg6 30. Be1 h5 31. h4 g4 32. Be2 Bd7 33. gxf4 Bxf4 34. Bg3 gxf3+ 35. Bxf3 Be5 36. Be1 Bf4 37. Bg3 Be5 1/2-1/2